00856nam a2200229 i 4500001000700000003000900007005001700016007000300033008004100036080001700077245004400094260004200138300002200180490003500202500008900237500004300326650004000369830004300409852003300452999001900485952012200504106379ES-MaACL20230906184129.0t|061106s1967 fr ||||1| fre d a327.5(569.4)03aLe conflit israélo arabe b: dossier. aParis : bLes Temps Modernes, c1967. a991 p. ; c21 cm.1 aLes temps modernes ; v253 bis aNúmero monográfico de la revista: Les Temps modernes (Paris), 1967, nº 253 bis. aBiblioteca Jacinto Martínez Lacalle.14aConflicto árabe-israelí.9112660 aLes temps modernes ; v253 bis9232838 aES-MaACLjE-11371 bR.138995 c106379d106379 00104070aATENEOMbATENEOMcDEPO2d2008-01-17eSCl0oE-11371p1111048r2023-02-23 00:00:00w2023-02-23yMONOGRAFIA